Schools and Kindergartens : a design manual /

Uložené v:
Podrobná bibliografia
Ďalší autori: Dudek, Mark (Editor)
Médium: Kniha
Jazyk:English
Vydavateľské údaje: Basel : Birkhäuser, 2008
Predmet:
Tagy: Pridať tag
Žiadne tagy, Buďte prvý, kto otaguje tento záznam!

MARC

LEADER 00000nam a22000003a 4500
001 stu169275
005 20150617230018.2
008 080911s2008------------------------eng-d
020 |a 978-3-7643-8126-4 
040 |a STU  |b slo 
041 0 |a eng 
100 1 |a Dudek, Mark  |4 edt 
245 1 |a Schools and Kindergartens :  |b a design manual /  |c Ed by Mark Dudek 
260 |a Basel :  |b Birkhäuser,  |c 2008 
300 |a 255 s 
650 7 |a školy základné  |2 stusub 
650 7 |a škôlky  |2 stusub 
650 7 |a schools  |2 estusub 
650 7 |a kindergarten  |2 estusub 
996 |b 284AU04015  |c A*6007  |l AA8180  |s P  |a 0  |w stu169275_0001